000 00658nam a2200205 4500
001 vtls001150960
003 MY-SjTCS
005 20200226120917.0
008 110218 00 eng
020 _a0132312832
039 9 _a201102181250
_bVLOAD
_c200608231453
_dsuankui
_y200407271846
_zVLOAD
082 0 4 _a131
_bHOW
100 1 _aHoward, Vernon.
_96210
245 1 0 _aPsycho-pictography :
_bthe new way to use the miracle power of your mind /
_cVernon Howard
260 _aN.J. :
_bPrentice Hall,
_c1995
300 _axxi, 211p. ;
_c21cm.
650 0 _aNew Thought
_96211
650 0 _aSuccess
_xPsychological aspects
_96388
920 _aBRI : 521191
999 _c172949